000 00585nam a2200241Ia 4500
003 OSt
005 20221006141921.0
006 a|||||r|||| 00| 0
007 ta
008 221006b |||||||| |||| 00| 0 eng d
020 _cP2.20
024 _a4,644
037 _cTextual
040 _aEASL
_cEASL
_beng
041 _2eng
_aeng
100 _aHUGHES E R
_966016
245 0 _aInvation of China
_b Western world
250 _a2nd
260 _aLondon
_bAdam & Charles Black
_c1968
300 _a318p.
_ccm.
942 _cTEXL
_2CC
999 _c1072730
_d1072730